| 000 | 01445nam a2200337Ia 4500 | ||
|---|---|---|---|
| 003 | OSt | ||
| 005 | 20210908162436.0 | ||
| 008 | 210310s1989 ck ad fr 000 0 spa d | ||
| 020 | _a9586012077 | ||
| 040 |
_aCO-JMCR _cCO-JMCR |
||
| 041 | 0 | _aspa | |
| 082 | 0 | 4 |
_a339 / _bL865i _223 |
| 100 | 1 |
_aLora, Eduardo, _917543 _eautor |
|
| 245 | 1 | 0 |
_aIntroducción a la macroeconomía colombiana / _cEduardo Lora, José Antonio Ocampo, coordinadores ; Eduardo Lora, José Antonio Ocampo, Mauricio Avella [y 1 más] |
| 250 | _aPrimera edición | ||
| 260 |
_aBogotá : _bTercer Mundo, _c1989 |
||
| 300 |
_a460 páginas : _bilustraciones y gráficas a blanco y negro ; _c23 cm. |
||
| 490 | 0 | _aEconomía | |
| 500 | _aIncluye notas a pie de página. | ||
| 504 | _aBibliografía: páginas 456-457 | ||
| 505 | 0 | _aLa estructura de la economía colombiana -- El sector externo -- Política fiscal -- El dinero y el sistema financiero -- El corto plazo: actividad económica, inflación y políticas de estabilización -- El desarrollo económico | |
| 650 | 1 | 4 |
_aMacroeconomía _917545 |
| 650 | 2 | 4 |
_aEconomía _zColombia _97273 |
| 650 | 2 | 4 |
_aPolítica económica _zColombia _940172 |
| 650 | 2 | 4 |
_aDesarrollo económico _zColombia _96913 |
| 700 | 1 |
_aOcampo, José Antonio, _ecoordinador _96129 |
|
| 700 | 1 |
_aLora, Eduardo, _eautor _92270 |
|
| 700 | 1 |
_aOcampo, José Antonio, _eautor _96129 |
|
| 700 | 1 |
_aAvella, Mauricio, _eautor _940182 |
|
| 942 |
_2ddc _cBK |
||
| 999 |
_c8531 _d8531 |
||